Making the web work (Record no. 71972)

MARC details
000 -LEADER
fixed length control field 01351cam a2200241 4500
001 - CONTROL NUMBER
control field ABS66391
008 - FIXED-LENGTH DATA ELEMENTS--GENERAL INFORMATION
fixed length control field 030124n2003 000 0 eng u
035 ## - SYSTEM CONTROL NUMBER
System control number (Sirsi) u121117
100 ## - MAIN ENTRY--PERSONAL NAME
Personal name Schopen, F.
245 ## - TITLE STATEMENT
Title Making the web work
260 ## - PUBLICATION, DISTRIBUTION, ETC.
Date of publication, distribution, etc. 2003
490 ## - SERIES STATEMENT
Series statement Regeneration and Renewal
Volume/sequential designation 17 January 2003, 20-21(2)
520 ## - SUMMARY, ETC.
Summary, etc. Considers whether the regeneration sector is harnessing the power of the internet and highlights the benefits of good website design and content. Gives examples of well designed and informative regeneration websites such as the Neighbourhood Renewal Unit website, the Liverpool Partnership Group website and an innovative Paddington-based community website. A key benefit of websites for Local Strategic Partnerships (LSPs) and other community groups is the chance to disseminate information without having to pay printing costs. However, in the context of community regeneration, websites will only work alongside traditional forms of discussion and information sharing. Lists 10 good regeneration websites.
590 ## - LOCAL NOTE (RLIN)
Local note ABS
650 ## - SUBJECT ADDED ENTRY--TOPICAL TERM
Topical term or geographic name entry element INTERNET
650 ## - SUBJECT ADDED ENTRY--TOPICAL TERM
Topical term or geographic name entry element MANAGEMENT-BUSINESS MANAGEMENT-INFORMATION MANAGEMENT
650 ## - SUBJECT ADDED ENTRY--TOPICAL TERM
Topical term or geographic name entry element WEBSITES
650 ## - SUBJECT ADDED ENTRY--TOPICAL TERM
Topical term or geographic name entry element REGENERATION PARTNERSHIPS
650 ## - SUBJECT ADDED ENTRY--TOPICAL TERM
Topical term or geographic name entry element LOCAL COMMUNITIES
650 ## - SUBJECT ADDED ENTRY--TOPICAL TERM
Topical term or geographic name entry element LOCAL STRATEGIC PARTNERSHIPS
690 ## - LOCAL SUBJECT ADDED ENTRY--TOPICAL TERM (OCLC, RLIN)
Topical term or geographic name as entry element REGENERATION
942 ## - ADDED ENTRY ELEMENTS (KOHA)
Suppress in OPAC 0
Holdings
Withdrawn status Lost status Source of classification or shelving scheme Damaged status Not for loan Home library Current library Shelving location Date acquired Total Checkouts Full call number Barcode Date last seen Copy number Price effective from Koha item type
    Dewey Decimal Classification     London London Journal article 24/01/2003   ABS66391 121117-1001 06/08/2019 1 06/08/2019 Journal article